| 000 | 00898nam a2200265 a 4500 | ||
|---|---|---|---|
| 001 | 24659 | ||
| 003 | CO-ViMGA | ||
| 005 | 20230915232012.0 | ||
| 008 | 141112s2004 ck r 000 u spa d | ||
| 020 | _a9788426367884 | ||
| 040 |
_aCO-ViMGA _bspa _cCO-ViMGA |
||
| 041 | _aspa | ||
| 043 | _ae - sp - - - a - ja - - - | ||
| 090 | _aALOg | ||
| 100 | 1 |
_aAlonso Omeñaca, Samuel. _936748 |
|
| 245 | 1 | 0 |
_aEl grito de la grulla / _cSamuel Alonso Omeñaca ; ilustraciones Tino Gatagán. |
| 260 |
_aZaragoza : _bEdelvives, _c2008. |
||
| 300 | _a86 p. : il. ; 20 cm. | ||
| 490 | _aAla delta. Serie verde ; 11 | ||
| 521 | _aRecomendado a partir de 10 años. | ||
| 650 | 1 | 4 |
_aNovela juvenil española. _91056 |
| 700 | 1 |
_aGatagán, Tino, 1951 - 2005, il. _936749 |
|
| 942 |
_2ddc _cBK |
||
| 999 |
_c32471 _d32471 |
||